00591nam a22002057a 450000500170000001000130001702000220003003500130005203700160006504000120008108200200009310000170011324500730013026000420020327000430024530000200028850000410030865000220034965000140037120170124105957.0 aA-935610 c00.00a8170996562 aA-935610 bCen Lib/Ret aDPLbEN a362.580954bMIS aMishra, S.N. aPoverty alleviation programmes and gram panchayat /cby S.N. Mishra  aNew DelhibMittal publications c1997 bNew DelhiaA-110, Mohan gardene110059 a140p.c21cm(Hb) aIncludes bibliographical references  a Local government aPanchayat